000 00897cam a2200289 a 4500
001 2332855
003 OSt
005 20160811082736.0
008 820802s1983 njua b 001 0 eng
010 _a 82015051
020 _a0137466854
040 _aDLC
_cDLC
_dDLC
050 0 0 _aHD30.23
_b.G67 1983
082 0 0 _a658.4/033
_219
100 1 _aGordon, Gilbert,
_d1941-
245 1 0 _aQuantitative decision making for business /
_cGilbert Gordon, Israel Pressman.
250 _a2nd ed.
260 _aEnglewood Cliffs, N.J. :
_bPrentice-Hall,
_cc1983.
300 _axii, 596 p. :
_bill. ;
_c25 cm.
504 _aIncludes bibliographies and index.
650 0 _aDecision making
_xMathematical models.
650 0 _aManagement science.
650 0 _aStatistical decision.
700 1 _aPressman, Israel,
_d1937-
906 _a7
_bcbc
_corignew
_d1
_eocip
_f19
_gy-gencatlg
942 _2lcc
_cBOOKS
999 _c13370
_d13370